000
00179nam a2200073Ia 4500
008
170817s9999 xx 000 0 und d
100
_a
KUMARASWAMY T.
245
0
_a
TOTEL LITERACY COMPAIGNS
260
_b
SONALI PUB.
999
_c
37825
_d
37825